La simulación de contrato en el Código Civil chileno: teoría jurídica y práctica forense

Gorde:
Xehetasun bibliografikoak
Egile nagusia: Díez Duarte, Raúl (autor)
Formatua: Liburua
Hizkuntza:gaztelania
Argitaratua: Santiago Metropolitana 2014
Edizioa:3a. ed
Gaiak:
Etiketak: Etiketa erantsi
Etiketarik gabe, Izan zaitez lehena erregistro honi etiketa jartzen!

MARC

LEADER 00000cam a2200000 a 4500
001 UCE1517
003 CL-VaPUC
008 140502e20140000cl |||||||||||||||||spa|d
020 |a 9789562861649 
082 0 4 |a 346.013  |b DIE  |2 21 
100 |a Díez Duarte, Raúl  |e autor  |9 568197 
245 1 3 |a La simulación de contrato en el Código Civil chileno: teoría jurídica y práctica forense 
250 |a 3a. ed 
300 |a 339 p 
942 |c BK 
945 |d 20140502 10:02:00  |a dcastane 
260 |a Santiago  |b Metropolitana  |c 2014 
650 7 |a SIMULACION  |2 CL-VaPUC  |9 338579 
650 0 |a Actos administrativos   |9 256128 
650 0 |a Derecho civil  |9 255013 
650 0 |a Derecho comparado  |9 255664 
583 |a last modification  |c 20140502 10:02:00  |k Rodrigo Vera 
999 |c 355293  |d 355291 
952 |0 0  |1 0  |3 erb  |4 0  |6 346_013000000000000_DIE_2014  |7 0  |8 A  |9 461953  |a BIBDER  |b BIBDER  |i 5069963  |l 2  |o 346.013 DIE 2014  |p 5069963  |r 2023-01-25  |s 2022-10-12  |w 2019-11-23  |y BK  |z Catalogado en:20140502  |k DER